000 00732cam a2200241 4500
001 ABS62312
008 000000n2000 000 0 eng u
035 _a(Sirsi) u106301
100 _aWatson, S.
245 _aFirst in the food chain
260 _c2000
490 _aProperty Week
_v 65(12) 19 May 2000, 36-37(2)
520 _aSuggests that a national network of food parks on dedicated sites may be the answer to the food industry's pressing need to cut overheads.
590 _aABS
650 _aFOOD PARKS
650 _aSUPERMARKETS
650 _aFOOD DISTRIBUTION
650 _aDISTRIBUTION CENTRES
650 _aFOOD PARKS UK
650 _aGREENTREE
690 _aPROPERTY-PROPERTY DEVELOPMENT
942 _n0
999 _c63663
_d63663